000 00364nam a22001337a 4500
041 _aENG
082 _a305.894
_bXAV
100 _aXavier
245 _aFrom hierarchy to equity : subaltern insights into Tamil cultural milieu
260 _aDelhi
_bISPCK
_c2025
300 _a233
650 _aAnthropology and Sociology/Caste, Class and Dalit Studies
942 _cBK
999 _c23601
_d23601